000 00936nas a2200301 4500
001 BR0806088
003 BR-BrBNA
005 20231205112126.0
007 ta
008 230509b bl.|||p| |||| 00| 00por d
040 _aBR-BrBNA
_bpor
_cBiblioteca Nacional de Agricultura
041 _a(Pt)
072 _aL70
100 1 _aNunes, N.
100 1 _aLopes, P.C.F.
100 1 _aSantos, P.S.P. dos
100 1 _aPaula, D.P. de
100 1 _aNishimori, C.T.D.
100 1 _aCarareto, R.
100 1 _aSousa, M.G.
100 1 _aBarbosa, V.F.
100 1 _aCamacho, A.A.
245 1 _aHemodinâmica de diferentes frações inspiradas de oxigênio em cães submetidos à infusão contínua de propofol sob ventilação espontânea
650 _aCÃO
773 0 _tCiência Rural (Brazil)
_xISSN 0103-8478
_g(May-Jun 2008), v. 38(3) p. 729-735
_wBR0806088
909 _a202311
_bLúcia
_c55
_dLúcia Elande
942 _2AGRIS
_n0
_cANA
999 _c196223
_d196223